| 000 | 00382nam a2200145 i 4500 | ||
|---|---|---|---|
| 001 | bgj | ||
| 100 | 1 | _aWALLACE, Michael J. | |
| 245 | 0 |
_aTraining foreign language teachers : _ba reflective approach / _cMichael J. Wallace. |
|
| 250 | _a[3rd print.]. | ||
| 260 |
_aCambridge, _c1993. |
||
| 040 | _cBPK | ||
| 041 | _aeng | ||
| 942 | _cKS | ||
| 008 | s uk f |000 0 eng | ||
| 999 |
_c48231 _d48231 |
||
| 856 |
_uhttp://koha.tu.koszalin.pl/cgi-bin/koha/opac-detail.pl?biblionumber=48231 _yKatalog online BPK |
||